000 01196nam a2200265 i 4500
001 68278
003 ES-MaACL
005 20250807233343.0
007 t|
008 040616s2003 sp ||||0| spa d
020 _a84-7786-806-9
040 _aM-BN
_bspa
_cM-BN
080 _a821.134.2(729.1) Gómez de Avellaneda, Gertrudis 7 Autobiografía.07
080 _a821.134.2(72) Juana Inés de la Cruz 7 Respuesta a Sor Filotea de la Cruz.07
100 1 _aTorras, Meri.
_9110720
245 1 0 _aSoy como consiga que me imaginéis
_b: la construcción de la subjetividad en las autobiografías epistolares de Gertrudis Gómez de Avellaneda y Sor Juana Inés de la Cruz /
_cMeri Torras.
260 _a[Cádiz] :
_bUniversidad de Cádiz, Servicio de Publicaciones,
_c2003.
300 _a213 p ;
_c21 cm.
490 1 _aTextos y estudios de mujeres. Serie 2 ;
_vn. 6
600 1 4 _aGómez de Avellaneda, Gertrudis,
_d1814-1873-
_xCrítica e interpretación
_957887
600 0 4 _aJuana Inés de la Cruz,
_cSor,
_d1651-1695-
_xCrítica e interpretación
_967143
830 0 0 _aTextos y estudios de mujeres
_vn. 6
_9226141
852 _aES-MaACL
_jL-27964
_bR.133829
999 _c68278
_d68278